00964cam a22002777a 45000010005000000030006000050050017000110080041000280100017000690200031000860200018001170200030001350400018001650500013001830820011001961000026002072450043002332600038002763000048003144900024003625050007003865200190003935210018005835210018006016500067006195749FISKH20250410154007.0100518s2010 nyua 000 1 eng  a 2010928929 a9780060835606 (trade bdg.) a9780060835590 a9780060835590 (pbk. bdg.) aDLCcDLCbeng aPZ7.M462 a813.6 1 aMayer, Mercer,d1943-10aJust Critters who care /cMercer Mayer aNew York :bHarperCollins,c2010. a32 pages : bcolor illustrations ; c23 cm 0 aMy first I can read aF  aWhen Little Critter finds out that one of his neighbors is in need, he rallies his friends and family together to volunteer their help, in an early reader title about community service.8 a340 bLexile 8 aF bRaz-Plus  aCommunity Service vLittle Critter xHelping OthersyEarth Day